<?xml version="1.0" encoding="UTF-8"?>
<collection xmlns="http://www.loc.gov/MARC21/slim">
 <record>
  <leader>06733nam a2200505 a 4500</leader>
  <controlfield tag="001">kal2711</controlfield>
  <controlfield tag="003">Gr-AtHEAL</controlfield>
  <controlfield tag="005">20160421085127.0</controlfield>
  <controlfield tag="006">m        d        </controlfield>
  <controlfield tag="008">160413s2015    gr      s           gre|c</controlfield>
  <datafield tag="020" ind1=" " ind2=" ">
   <subfield code="a">9789606034879</subfield>
  </datafield>
  <datafield tag="040" ind1=" " ind2=" ">
   <subfield code="a">GR-AtHEAL</subfield>
   <subfield code="b">gre</subfield>
   <subfield code="c">GR-AtHEAL</subfield>
  </datafield>
  <datafield tag="082" ind1="0" ind2="4">
   <subfield code="a">100</subfield>
   <subfield code="2">23</subfield>
  </datafield>
  <datafield tag="100" ind1="1" ind2=" ">
   <subfield code="a">Γουδέλη, Κυριακή.</subfield>
   <subfield code="8">1356</subfield>
  </datafield>
  <datafield tag="245" ind1="1" ind2="0">
   <subfield code="a">Εισαγωγή στη φιλοσοφία του Σπινόζα</subfield>
   <subfield code="h">[Ηλεκτρονικός πόρος] </subfield>
   <subfield code="b">ΜΕΤΑΚΑΡΣΕΝΙΑΝΙΚΟΣ ΜΟΝΙΣΜΟΣ ΤΟΝ 17ο ΑΙ</subfield>
   <subfield code="c">Γουδέλη, Κυριακή ; Κριτικός αναγνώστης,Πενολίδης, Θεόδωρος ; Τεχνική επιμέλεια,Παπαβασιλείου, Σπυρίδων ; Γλωσσική επιμέλεια,Κονάχος, Δημήτριος.</subfield>
  </datafield>
  <datafield tag="260" ind1=" " ind2=" ">
   <subfield code="a">Αθήνα :</subfield>
   <subfield code="b">Σύνδεσμος Ελληνικών Ακαδημαϊκών Βιβλιοθηκών,</subfield>
   <subfield code="c">c2015.</subfield>
  </datafield>
  <datafield tag="490" ind1=" " ind2=" ">
   <subfield code="a">Ακαδημαϊκά Ηλεκτρονικά Συγγράμματα και Βοηθήματα Κάλλιπος</subfield>
   <subfield code="8">40</subfield>
  </datafield>
  <datafield tag="520" ind1=" " ind2=" ">
   <subfield code="a">Το βιβλίο αποτελεί μια εισαγωγή στην Φιλοσοφία του Σπινόζα, ενός καινοτόμου και επίκαιρου ορθολογιστή φιλοσόφου του 17ου αι, και εισάγει τους φοιτητές σε μια εξαιρετικά σημαντική περίοδο του ορθολογισμού της νεώτερης εποχής, στην οποία συντελέστηκαν οι πλέον σημαντικές τομές σε σχέση με την μεσαιωνική παράδοση στα θέματα της σχέσης του ανθρώπου με την γνώση, την συνείδηση, την ανάδυση του σύγχρονου υποκειμένου, την σχέση του με την φύση, την ελευθερία και την ηθική. Τον 17ο αι. τελούνται συνταρακτικές τομές στην σύλληψη του σύμπαντος, της δράσης και της σχέσης του ανθρώπινου υποκειμένου με αυτό και της συνακόλουθης ηθικής που συνάδει με αυτές τις μεταλλαγές και προοικονομούνται οι σύγχρονες τάσεις, διλήμματα και παράδοξα του 20ου αι. που αφορούν την δυνατότητα της γνώσης και της κηδεμόνευσης της φυσικής πραγματικότητας. Επιπλέον, μετά την συγκλονιστική καρτεσιανή τομή της ανάδυσης του σύγχρονου υποκειμένου και της αντίστοιχης διχοτομησης του από τον αντικειμενικό κόσμο, αναδύονται σοβαρά επιστημολογικά, οντολογικά και μεταφυσικά ερωτήματα σε σχέση με την δυνατότητα και τους τρόπους της γνώσης του αντικειμενικού κόσμου, της θέσης του υποκειμένου στο όλον της φυσικής πραγματικότητας, της νέας σύλληψης της συνείδησης, της σχέσης του ανθρώπου με τον θεό και το σύμπαν και τις συνακόλουθες ηθικές διαστάσεις της εκάστοτε προσέγγισης. Το βιβλίο πραγματεύεται διεξοδικά και με σαφήνεια τις σημαντικές προσεγγίσεις του Σπινόζα, ο οποίος στα πλαίσια και σε ταυτόχρονη ρήξη με την καρτεσιανή αντίληψη, προτάσσει ένα ριζοσπαστικό και ιδιότυπο οντολογικό, μεταφυσικό, γνωσιοθεωρητικό και ηθικό μοντέλο, αυτό της εμμένειας και του μονισμού, προοικονομώντας σύγχρονες πρωτοπόρες αντιλήψεις του 20ού αι για μια νέα και συμβατή προς τη φύση επιστημολογία και ηθική. Στο βιβλίο καταδεικνύεται ότι στην αυγή της νεώτερης εποχής, παράλληλα με τον κλασσικό καρτεσιανό ορθολογισμό, αναδύεται και μια άλλη μορφή ένυλου Λόγου, η οποία όχι μόνο δεν αποξενώνει το έλλογο υποκείμενο από τη Φύση και το σώμα του, αλλά αντίθετα το εντάσσει στη συμπαντική τάξη, προσδίδοντάς του μια νέα διάσταση στη δυνατότητα της ελευθερίας του.</subfield>
  </datafield>
  <datafield tag="650" ind1=" " ind2="0">
   <subfield code="a">Spinoza, Benedictus de, 1632-1677.</subfield>
   <subfield code="8">1588</subfield>
  </datafield>
  <datafield tag="653" ind1=" " ind2=" ">
   <subfield code="a">Μακαριότητα</subfield>
  </datafield>
  <datafield tag="653" ind1=" " ind2=" ">
   <subfield code="a">Σώμα-νους</subfield>
  </datafield>
  <datafield tag="653" ind1=" " ind2=" ">
   <subfield code="a">Ενέργημα</subfield>
  </datafield>
  <datafield tag="653" ind1=" " ind2=" ">
   <subfield code="a">Στερητικά πάθη</subfield>
  </datafield>
  <datafield tag="653" ind1=" " ind2=" ">
   <subfield code="a">Αρετή</subfield>
  </datafield>
  <datafield tag="653" ind1=" " ind2=" ">
   <subfield code="a">Conatus</subfield>
  </datafield>
  <datafield tag="653" ind1=" " ind2=" ">
   <subfield code="a">Κοινές έννοιες</subfield>
  </datafield>
  <datafield tag="653" ind1=" " ind2=" ">
   <subfield code="a">Επαρκής-ανεπαρκής ιδέα</subfield>
  </datafield>
  <datafield tag="653" ind1=" " ind2=" ">
   <subfield code="a">Έκφραση</subfield>
  </datafield>
  <datafield tag="653" ind1=" " ind2=" ">
   <subfield code="a">Εμμένεια</subfield>
  </datafield>
  <datafield tag="653" ind1=" " ind2=" ">
   <subfield code="a">Ελευθερία</subfield>
  </datafield>
  <datafield tag="653" ind1=" " ind2=" ">
   <subfield code="a">Natura naturans natura naturata</subfield>
  </datafield>
  <datafield tag="653" ind1=" " ind2=" ">
   <subfield code="a">Τρόπος</subfield>
  </datafield>
  <datafield tag="653" ind1=" " ind2=" ">
   <subfield code="a">Κατηγόρημα</subfield>
  </datafield>
  <datafield tag="653" ind1=" " ind2=" ">
   <subfield code="a">Υπόσταση</subfield>
  </datafield>
  <datafield tag="653" ind1=" " ind2=" ">
   <subfield code="a">Φιλοσοφία</subfield>
   <subfield code="a">Κλάδοι φιλοσοφίας (εκτός ηθικής)</subfield>
   <subfield code="a">Μεταφυσική</subfield>
   <subfield code="a">Οντολογία</subfield>
  </datafield>
  <datafield tag="653" ind1=" " ind2=" ">
   <subfield code="a">Φιλοσοφία</subfield>
   <subfield code="a">Κλάδοι φιλοσοφίας (εκτός ηθικής)</subfield>
   <subfield code="a">Φιλοσοφία της φύσης</subfield>
  </datafield>
  <datafield tag="653" ind1=" " ind2=" ">
   <subfield code="a">Εκπαίδευση και επιστήμες της αγωγής</subfield>
   <subfield code="a">Διδασκαλία και μάθηση (διαδικασίες και μεθοδολογία)</subfield>
   <subfield code="a">Γνώση</subfield>
  </datafield>
  <datafield tag="653" ind1=" " ind2=" ">
   <subfield code="a">Ηθική</subfield>
  </datafield>
  <datafield tag="653" ind1=" " ind2=" ">
   <subfield code="a">Φιλοσοφία</subfield>
   <subfield code="a">Ιστορία της δυτικής φιλοσοφίας</subfield>
   <subfield code="a">Φιλοσοφία 19ου αιώνα</subfield>
  </datafield>
  <datafield tag="700" ind1="1" ind2=" ">
   <subfield code="a">Πενολίδης, Θεόδωρος</subfield>
   <subfield code="e">Κριτικός αναγνώστης</subfield>
   <subfield code="8">1357</subfield>
  </datafield>
  <datafield tag="856" ind1="4" ind2="0">
   <subfield code="u">http://hdl.handle.net/11419/2711</subfield>
   <subfield code="z">Πλήρες Κείμενο - Full text</subfield>
  </datafield>
  <datafield tag="907" ind1=" " ind2=" ">
   <subfield code="a">.b25677275</subfield>
   <subfield code="b">12-06-18</subfield>
   <subfield code="c">29-07-16</subfield>
  </datafield>
  <datafield tag="949" ind1=" " ind2=" ">
   <subfield code="0">0</subfield>
   <subfield code="1">0</subfield>
   <subfield code="2">ddc</subfield>
   <subfield code="4">0</subfield>
   <subfield code="6">100_000000000000000_ΓΟΥ</subfield>
   <subfield code="7">0</subfield>
   <subfield code="8">KALL</subfield>
   <subfield code="8">485</subfield>
   <subfield code="d">2016-04-13</subfield>
   <subfield code="r">2016-04-13</subfield>
   <subfield code="w">2016-04-13</subfield>
   <subfield code="z">100 ΓΟΥ</subfield>
   <subfield code="o">SEAB KALLIPOS</subfield>
  </datafield>
  <datafield tag="998" ind1=" " ind2=" ">
   <subfield code="a">80</subfield>
   <subfield code="a">01</subfield>
   <subfield code="a">02</subfield>
   <subfield code="a">03</subfield>
   <subfield code="a">04</subfield>
   <subfield code="a">05</subfield>
   <subfield code="a">06</subfield>
   <subfield code="a">07</subfield>
   <subfield code="a">08</subfield>
   <subfield code="a">09</subfield>
   <subfield code="a">10</subfield>
   <subfield code="a">11</subfield>
   <subfield code="a">12</subfield>
   <subfield code="a">13</subfield>
   <subfield code="a">14</subfield>
   <subfield code="a">15</subfield>
   <subfield code="a">16</subfield>
   <subfield code="a">17</subfield>
   <subfield code="a">18</subfield>
   <subfield code="a">19</subfield>
   <subfield code="a">20</subfield>
   <subfield code="a">21</subfield>
   <subfield code="a">22</subfield>
   <subfield code="a">23</subfield>
   <subfield code="a">24</subfield>
   <subfield code="a">25</subfield>
   <subfield code="a">26</subfield>
   <subfield code="b">15-08-07</subfield>
   <subfield code="c">m</subfield>
   <subfield code="d">z  </subfield>
   <subfield code="e">-</subfield>
   <subfield code="f">gre</subfield>
   <subfield code="g">gr </subfield>
   <subfield code="h">0</subfield>
  </datafield>
  <datafield tag="942" ind1=" " ind2=" ">
   <subfield code="2">ddc</subfield>
   <subfield code="c">KALLIPOS</subfield>
  </datafield>
 </record>
</collection>
